000 00508nam a2200193 a 4500
001 1770460530539
003 YourLibrary
005 20260207160836.0
008 260207s1994##################000#0#eng##
020 _a9780195104592
082 0 4 _a306.3640947
_bFIT
100 1 _aFitzpatrick, Sheila,
_eauthor.
245 1 0 _aStalin's Peasants :
260 _bOxford University Press, USA,
_c1994.
300 _a420 pages
650 0 _aHistory.
942 _cENGLISH
040 _aYourLibrary
_beng
_cYourLibrary
999 _c611250
_d611250